000 00786cam a22002774a 4500
942 _cBK
999 _c317
_d317
001 4520902
003 OSt
005 20250420134805.0
008 990609s2000 njua b 001 0 eng
010 _a 99016963
020 _a9781292060552
040 _aDLC
_cDLC
_dKCST
042 _apcc
050 0 0 _aTK7871.85
_b.S77 2000
082 0 0 _a621.3815
_221
_bSt So
100 1 _aStreetman, Ben G.
_91107
245 1 0 _aSolid state electronic devices /
_cBen G. Streetman and Sanjay Kumar Banerjee.
250 _a7th ed. Global ed.
260 _aLondon:
_bPearson,
_c2016.
300 _a616 p. :
_bill. ;
504 _aIncludes bibliographical references and index.
650 0 _aSemiconductors
_vTextbooks.
_91108
700 1 _aBanerjee, Sanjay.
_91109
942 _2ddc